| 000 | 00700nam a2200205 4500 | ||
|---|---|---|---|
| 005 | 20241028151802.0 | ||
| 010 | _aENG-142476 | ||
| 020 |
_c400.00 _a9789383147090 |
||
| 035 | _aEN-126008 | ||
| 037 | _bDBAD | ||
| 082 | _a305.42 | ||
| 100 |
_aSahay Yamini _973574 |
||
| 245 |
_aFeminism: Ethical Issues/ _cYamini Sahay and Sohan Raj Tater |
||
| 250 | _aFirst | ||
| 260 |
_aJaipur _bCo-Operation Publications _c2013 |
||
| 270 |
_aDhamani Market Ki Gali, Choura Rasta _bJaipur _e302003 _k01412310785 _k01414022382 _k01413255629 _k01412322382 _msahityagarjpr@yahoo.co.in |
||
| 300 |
_a188p. _c22cm(hb) |
||
| 700 |
_aSohan Raj Tater _973575 |
||
| 942 |
_2ddc _cEN _h305.42 _mFEM _e2013 |
||
| 999 |
_c206818 _d206818 |
||